000
00337nam a22001457a 4500
008
250703b |||||||| |||| 00| 0 eng d
020
_a
0748724281
050
_a
HD8039
_b
.W37
100
_a
WARD John
245
_a
Leisure and Tourism
250
_a
2
260
_a
Nil
_b
Stanly Thomas Publisher
_c
Nil
300
_a
xi, 111p.
942
_c
BK
999
_c
4120
_d
4120